GETS Theological Seminary Library

英吉利教会史: (Record no. 27720)

MARC details
000 -LEADER
fixed length control field 01148nam a2200301Ia 4500
003 - CONTROL NUMBER IDENTIFIER
control field OSt
005 - DATE AND TIME OF LATEST TRANSACTION
control field 20200916115413.0
008 - FIXED-LENGTH DATA ELEMENTS--GENERAL INFORMATION
fixed length control field 200830s9999||||xx |||||||||||||| ||und||
020 ## - INTERNATIONAL STANDARD BOOK NUMBER
International Standard Book Number 7100082196
020 ## - INTERNATIONAL STANDARD BOOK NUMBER
International Standard Book Number 9787100082198
040 ## - CATALOGING SOURCE
Transcribing agency GETS
041 ## - LANGUAGE CODE
Language code of text/sound track or separate title chi
Language code of original eng
050 ## - LIBRARY OF CONGRESS CALL NUMBER
Classification number BR746
Item number .B4312 2011
100 ## - MAIN ENTRY--PERSONAL NAME
Personal name Bede the Venerable, Saint
245 #0 - TITLE STATEMENT
Title 英吉利教会史:
Remainder of title = Ecclesiatical history of the English nation /
Statement of responsibility, etc. 比德 (Bede the Venerable, Saint) 著; 陈维振, 周清民译
246 ## - VARYING FORM OF TITLE
Title proper/short title 英吉利教會史:
Remainder of title =Ecclesiatical history of the English nation/
260 ## - PUBLICATION, DISTRIBUTION, ETC.
Place of publication, distribution, etc. 北京:
Name of publisher, distributor, etc. 商务印书馆,
Date of publication, distribution, etc. 2011
300 ## - PHYSICAL DESCRIPTION
Extent 1 v. :
Other physical details map. ; 
Dimensions 21 cm.
490 ## - SERIES STATEMENT
Series statement 汉译世界学术名著丛书
500 ## - GENERAL NOTE
General note Translation of: Historia ecclesiastica gentis Anglorum. Published in English as: Ecclesiatical history of the English nation.
650 ## - SUBJECT ADDED ENTRY--TOPICAL TERM
Topical term or geographic name entry element Cuthbert, Saint, Bishop of Lindisfarne, approximately 635-687.
650 ## - SUBJECT ADDED ENTRY--TOPICAL TERM
Topical term or geographic name entry element Cuthbert, Saint, Bishop of Lindisfarne, ca.635-687.
650 ## - SUBJECT ADDED ENTRY--TOPICAL TERM
Topical term or geographic name entry element Great Britain Church history 449-1066.
700 ## - ADDED ENTRY--PERSONAL NAME
Personal name 周清民
700 ## - ADDED ENTRY--PERSONAL NAME
Personal name 比德
700 ## - ADDED ENTRY--PERSONAL NAME
Personal name 陈维振
942 ## - ADDED ENTRY ELEMENTS (KOHA)
Koha item type Chinese Book

No items available.

OpacCredits

Contact the Librarian, GETS Library
Email: library@mygets.org









Implemented by GETS Library
(Powered by ETCA Professional Group)
GETS Theological Seminary
412 E. Rowland Street, CA 91723